| 000 | 01163nam a2200325 i 4500 | ||
|---|---|---|---|
| 003 | DO-SdBNP | ||
| 005 | 20250527113225.0 | ||
| 006 | a||||fr|||| 00| 0 | ||
| 007 | ta | ||
| 008 | 230510t2022 rd aoc|fr|||| 000 edspa d | ||
| 020 | _a9789945182804 | ||
| 040 |
_aDO-SdBNP _bspa _cBNPHU _erda |
||
| 041 | _aspa | ||
| 082 | 4 |
_a620.0068 _bH565a _222 |
|
| 100 | 1 |
_aHerrera, José Adolfo _eautor _4aut. _986806 |
|
| 245 | 1 | 0 |
_aAdministración de empresas de ingeniería / _cJosé Adolfo Herrera; prólogo, Adolfo Herrera Acevedo |
| 264 | 3 |
_aSanto Domingo : _bSoto Castillo, _c2022 |
|
| 300 |
_a378 páginas ; _bilustraciones, fotografías, gráficos, _c20 cm |
||
| 336 |
_atexto _btxt _2rdaconten |
||
| 337 |
_asin medición _bn _2rdamedia |
||
| 338 |
_avolumen _bnc _2rdacarrier |
||
| 490 | 0 |
_aArchivo de la Nación ; _v469 |
|
| 500 | _aIncluye datos biográficos del autor en la contracubierta | ||
| 590 | _aInventariado 2023 / MF | ||
| 650 | 7 |
_aIngeniería _xAdministración _986807 |
|
| 650 | 0 |
_aAdministración industrial _95872 |
|
| 700 | 1 |
_a Herrera Acevedo, Adolfo _eprologuista _4pr. _983354 |
|
| 910 | _aValidado. Control de calidad MFF | ||
| 942 |
_2ddc _cLBS1 |
||
| 999 |
_c53470 _d53470 |
||